| 000 | 01074nam a2200217 i 4500 | ||
|---|---|---|---|
| 001 | 187480 | ||
| 003 | ES-MaACL | ||
| 005 | 20230906222935.0 | ||
| 008 | 170822s1786 sp |||| | spa d | ||
| 080 | _a616.98:578.824 | ||
| 100 | 1 |
_aLeroux, Laurent-Charles-Pierre. _9163533 |
|
| 245 | 1 | 0 |
_aDisertacion acerca de la rabia : _bespontanea o de causa interna, y de causa externa o comunicada por la mordedura de animales rabiosos... / _cescrita en francés por Mr. Le-Roux... ; traducida al castellano, ilustrada con un discurso en que se expone la descripcion de la rabia del hombre y de los animales... por el Doctor Don Bartholomé Piñera y Siles. |
| 260 |
_aMadrid : _bEn la Imp. de D. Josef Doblado, _c1786. |
||
| 300 |
_a288 p. ; _ccm. |
||
| 530 | _aDisponible en formato digital. | ||
| 594 | _aEncabezamiento tomado del Cat. de la Bibl. Nac. de París. | ||
| 650 | 4 |
_aRabia. _9136800 |
|
| 700 | 1 |
_aPiñera y Siles, Bartolomé. _992271 |
|
| 852 |
_aES-MaACL _jR-1386 _x Olim: G-15140 |
||
| 856 |
_uhttps://archive.org/details/b28761637/page/n6 _zInternet Archive |
||
| 999 |
_c187480 _d187480 |
||